000 00681nam a2200241 a 4500
001 000035506
003 OSt
005 20200930074407.0
008 111102s1980 sp 000 0 spa d
020 _a8447312178
040 _aDO-SdBNP
_bspa
_cBNPHU
100 1 _aConrad, Joseph
_93046
240 1 0 _aThe secret agent
_lEspañol
245 1 3 _aEl agente secreto /
_cJoseph Conrad.
260 _aBarcelona :
_bRBA Proyectos Editoriales,
_c1980.
300 _a272 p. ;
_c22 cm.
490 1 _aLibros de película.
500 _aTraducido del inglés
700 1 _a Edwards, Jorge,
_etr.
_914158
830 _aLibros de película.
_976699
942 _2ddc
_cLF1
956 _aLOPEREZ
999 _c34997
_d34997